Welcome to CU Library Online Public Access Catalogue (OPAC)

Mechanisms of microbial disease / (Record no. 2632)

MARC details
000 -LEADER
fixed length control field 00951pam a2200277 a 4500
001 - CONTROL NUMBER
control field 3855767
005 - DATE AND TIME OF LATEST TRANSACTION
control field 20250117133147.0
008 - FIXED-LENGTH DATA ELEMENTS--GENERAL INFORMATION
fixed length control field 880603s1989 mdua b 001 0 eng c
020 ## - INTERNATIONAL STANDARD BOOK NUMBER
International Standard Book Number 9780683076073
050 00 - LIBRARY OF CONGRESS CALL NUMBER
Classification number QR201.B34
Item number M43 1989
082 00 - DEWEY DECIMAL CLASSIFICATION NUMBER
Classification number 616.9
Edition information 19
245 00 - TITLE STATEMENT
Title Mechanisms of microbial disease /
Statement of responsibility, etc. edited by Moselio Schaechter, Gerald Medoff, David Schlessinger.
260 ## - PUBLICATION, DISTRIBUTION, ETC.
Place of publication, distribution, etc. Baltimore :
Name of publisher, distributor, etc. Williams & Wilkins,
Date of publication, distribution, etc. c1989.
300 ## - PHYSICAL DESCRIPTION
Extent xviii, 844 p. ;
Other physical details ill. (some col.) ;
Dimensions 29 cm.
650 #0 - SUBJECT ADDED ENTRY--TOPICAL TERM
Topical term or geographic name entry element Bacterial diseases
General subdivision Pathogenesis.
650 #0 - SUBJECT ADDED ENTRY--TOPICAL TERM
Topical term or geographic name entry element Communicable diseases
General subdivision Pathogenesis.
650 #2 - SUBJECT ADDED ENTRY--TOPICAL TERM
Topical term or geographic name entry element Bacteria
General subdivision pathogenicity.
650 #2 - SUBJECT ADDED ENTRY--TOPICAL TERM
Topical term or geographic name entry element Communicable Diseases
General subdivision microbiology.
650 #2 - SUBJECT ADDED ENTRY--TOPICAL TERM
Topical term or geographic name entry element Communicable Diseases
General subdivision physiopathology.
650 #2 - SUBJECT ADDED ENTRY--TOPICAL TERM
Topical term or geographic name entry element Fungi
General subdivision pathogenicity.
650 #2 - SUBJECT ADDED ENTRY--TOPICAL TERM
Topical term or geographic name entry element Viruses
General subdivision pathogenicity.
700 1# - ADDED ENTRY--PERSONAL NAME
Personal name Schaechter, Moselio.
700 1# - ADDED ENTRY--PERSONAL NAME
Personal name Medoff, Gerald,
Dates associated with a name 1936-
700 1# - ADDED ENTRY--PERSONAL NAME
Personal name Schlessinger, David.
942 ## - ADDED ENTRY ELEMENTS (KOHA)
Source of classification or shelving scheme Library of Congress Classification
Koha item type Books
Suppress in OPAC No
999 ## -
-- 2632
-- 2632
Holdings
Withdrawn status Lost status Source of classification or shelving scheme Damaged status Not for loan Collection Home library Current library Shelving location Date acquired Total checkouts Full call number Barcode Date last seen Copy number Price effective from Koha item type
    Library of Congress Classification     Non-fiction Science Library (Miotso) Science Library (Miotso) General stacks 01/17/2025   QR201 .B34M43 MEC SLM00001933 01/17/2025 1 01/17/2025 Books
© 2023-2024 Copyright: Central University Libraries. All Rights Reserved | Created by: Mahone Tech Office